000 00447cam a2200181ua 4500
001 3499
008 111115n ii |||gr||||Z||||||asm
040 _cMAIN
082 _a920
100 _aBaruah, Ananda Chandra,
245 1 1 _aAsiar jyoti
_cby Ananda Chandra Baruah
250 _a6th.
260 _aGuahati:
_bDutta Baruah & company,972.
300 _a138p:
_c23cm.
653 _aBiography
653 _aBiography of Asiar jyoti
942 _cBK
999 _c3341
_d3341